Revista de la Universidad del Valle de Atemajac: seguridad
Salvato in:
| Natura: | Sconosciuto |
|---|---|
| Lingua: | Spanish |
| Pubblicazione: |
México :
UNIVA
|
| Tags: |
Aggiungi Tag
Nessun Tag, puoi essere il primo ad aggiungerne!!
|
MARC
| LEADER | 00000 a2200000 04500 | ||
|---|---|---|---|
| 001 | 48148 | ||
| 003 | |||
| 008 | 050702s2010 mx spa d | ||
| 040 | |a CRAI/IIS |c CRAI/IIS | ||
| 020 | |a 0187-5981 | ||
| 090 | |a 0001 R454r | ||
| 245 | |a Revista de la Universidad del Valle de Atemajac: |b seguridad | ||
| 260 | |a México : |b UNIVA | ||
| 300 | |a 63 páginas, vol. XXIV, n° 66 | ||
| 999 | |c 16102 |d 16102 | ||
